00572 2200229 4500001002100000005001500021035002000036007000300056008004100059020002000100082001300120084001900133100001900152245002400171250000600195260003600201300002900237650001200266650001300278856002900291990002200320INLIS00000000000728320250305073830 a0010-0325000008ta250305 0 ind  a978-623-7868316 a398.2095 a398.2095 RAH a0 aRAHMAN, Rian F1 aAku Sayang Binatang a- aJakarta :bLingkar Media,c2000 a24p. :bilus ;c19 cme- 4aTematik 4aBinatang aPerpustakaan BPSIP JATIM a96/2025/BSIPJATIM